Taxation in Kenya : (Record no. 1547)
[ view plain ]
| 000 -LEADER | |
|---|---|
| fixed length control field | 00670cam a22002052 4500 |
| 001 - CONTROL NUMBER | |
| control field | 0000020947 |
| 005 - DATE AND TIME OF LATEST TRANSACTION | |
| control field | 20151021152600.0 |
| 008 - FIXED-LENGTH DATA ELEMENTS--GENERAL INFORMATION | |
| fixed length control field | 120104s xx 000 0 eng d |
| 040 ## - CATALOGING SOURCE | |
| Original cataloging agency | KABU |
| Transcribing agency | KABU |
| 100 1# - MAIN ENTRY--PERSONAL NAME | |
| Personal name | Simiyu, Nicholas T. T. |
| -- | 0000161068 |
| 245 10 - TITLE STATEMENT | |
| Title | Taxation in Kenya : |
| Remainder of title | (principles and practice) / |
| Statement of responsibility, etc. | Nicholas T. T. Simiyu. |
| 250 ## - EDITION STATEMENT | |
| Edition statement | 6th ed. |
| 260 ## - PUBLICATION, DISTRIBUTION, ETC. (IMPRINT) | |
| Place of publication, distribution, etc. | Nairobi : |
| Name of publisher, distributor, etc. | FIP, |
| Date of publication, distribution, etc. | 2008. |
| 300 ## - PHYSICAL DESCRIPTION | |
| Extent | v, 400 p. |
| 650 #0 - SUBJECT ADDED ENTRY--TOPICAL TERM | |
| Topical term or geographic name as entry element | Taxation |
| Geographic subdivision | Kenya. |
| -- | 0000152741 |
| 852 1# - LOCATION | |
| -- | p980 KES |
| 852 1# - LOCATION | |
| -- | p980 KES |
| 908 ## - PUT COMMAND PARAMETER (RLIN) | |
| Put command parameter | 120104 |
| 950 ## - LOCAL HOLDINGS (RLIN) | |
| -- | 1 |
| Withdrawn status | Lost status | Source of classification or shelving scheme | Not for loan | Home library | Current library | Date acquired | Total Checkouts | Full call number | Barcode | Date last seen | Date last checked out | Copy number | Price effective from | Koha item type | Total Renewals |
|---|---|---|---|---|---|---|---|---|---|---|---|---|---|---|---|
| Library of Congress Classification | Kabarak, Main Campus | Kabarak, Main Campus | 21/10/2015 | 12 | HJ3043 .S56 2008 c. 1 | 20245 | 26/06/2023 | 22/06/2023 | c.1 | 21/10/2015 | General Collection | 1 | |||
| Library of Congress Classification | Kabarak, Nakuru City Campus | Kabarak, Nakuru City Campus | 21/10/2015 | 7 | HJ3043 .S56 2008 c. 1 | 20229 | 09/02/2021 | 28/01/2021 | c.1 | 21/10/2015 | General Collection |